Chargement en cours...
ഒ എൻ വിയുടെ കവിതകൾ : ഒരു ബൃഹത് സമാഹാരം 946-2010 /
| Auteur principal: | |
|---|---|
| Format: | Printed Book |
| Langue: | Malayalam |
| Publié: |
Kottayam:
D C Books,
2011.
Kottayam D C Books 2008 |
| Édition: | 3rd ed. |
| Sujets: |
| LEADER | 01045 a2200253 4500 | ||
|---|---|---|---|
| 008 | 130716b xxu||||| |||| 00| 0 mal d | ||
| 020 | |a 9788126402816 | ||
| 041 | |a Mal | ||
| 082 | |a 851.562 | ||
| 100 | |a O.N.V. Kurup, | ||
| 245 | |a ഒ എൻ വിയുടെ കവിതകൾ : |b ഒരു ബൃഹത് സമാഹാരം 946-2010 / |c ഒ എൻ വി കുറുപ്പ് | ||
| 246 | |a O N V yude kavithakal: |b Oru bruhadsamaahaaran / |h Malayalam | ||
| 250 | |a 3rd ed. | ||
| 260 | |a Kottayam: |b D C Books, |c 2011. | ||
| 260 | |a Kottayam |b D C Books |c 2008 | ||
| 300 | |a 1624p.: |c 22 cm. | ||
| 300 | |a 1399p |b HB | ||
| 546 | |a In Malayalam. | ||
| 600 | |a Kurup,O.N.V |d 1931- | ||
| 650 | |a Malayalam |v Poetry. | ||
| 942 | |c BK | ||
| 999 | |c 98851 |d 98851 | ||
| 952 | |0 0 |1 0 |4 0 |6 851_562000000000000_ONV_M |7 0 |9 98282 |a UL |b UL |c REF |d 2013-01-31 |e 2 |g 416.50 |l 0 |o 851.562 ONV M |p 88390 |r 2013-05-24 |v 595.00 |y REF | ||
| 952 | |0 0 |1 0 |4 0 |6 M_811_000000000000000_ONV_O |7 0 |9 306727 |a ASC |b ASC |c ST1 |d 2018-09-05 |g 0.00 |l 0 |o M811 ONV/O |p ASC3577 |r 2018-08-20 |w 2018-08-20 |y BK | ||